[Event "Tianjin Prestigious Univ-ch"]
[Site "Tianjin"]
[Date "2019.11.28"]
[Round "8"]
[White "Lu, Andrew H"]
[Black "Chandra, Akshat"]
[Result "0-1"]
[WhiteElo "2071"]
[BlackElo "2524"]
[PlyCount "167"]
[EventDate "2019.11.26"]
[EventType "team-tourn"]
[EventRounds "11"]
[EventCountry "CHN"]
[SourceTitle "CBM 193 Extra"]
[Source "ChessBase"]
[SourceDate "2020.01.31"]
[SourceVersion "1"]
[SourceVersionDate "2020.01.31"]
[SourceQuality "1"]

1. d4 Nf6 2. Nf3 d5 3. c4 e6 4. Nc3 a6 5. e3 dxc4 6. Bxc4 b5 7. Bb3 Bb7 8. 0-0 Nbd7 9. Qe2 c5 10. Rd1 Qb8 11. e4 cxd4 12. Nxd4 Bd6 13. h3 0-0 14. a3 Rd8 15. Bg5 h6 16. Nxe6 fxe6 17. Bxf6 Nxf6 18. e5 Bxe5 19. Rxd8+ Qxd8 20. Qxe5 Qd2 21. Rd1 Qxb2 22. Bxe6+ Kh8 23. Qc7 Re8 24. Rd8 Qc1+ 25. Kh2 Qg5 26. Rxe8+ Nxe8 27. Qxb7 Qe5+ 28. g3 Qxe6 29. Ne4 Nf6 30. Nxf6 Qxf6 31. Kg2 Qe6 32. h4 h5 33. Qf3 g6 34. Qc3+ Kg8 35. Qc5 Qd7 36. Kh2 Qf5 37. Qb6 a5 38. Qd8+ Qf8 39. Qd5+ Kg7 40. Qd7+ Qf7 41. Qd4+ Kh7 42. Kg1 Qb7 43. g4 hxg4 44. Qxg4 Qd5 45. Qf4 Qd1+ 46. Kh2 Qd7 47. Kg1 Qe7 48. h5 gxh5 49. Qf5+ Kh6 50. Kf1 b4 51. axb4 axb4 52. Qf4+ Kg6 53. Qg3+ Kh7 54. Qd3+ Kh8 55. Qd4+ Kg8 56. Qd5+ Qf7 57. Qg5+ Kh7 58. Qe5 b3 59. Qe4+ Kg8 60. Qg2+ Kh8 61. Qa8+ Kg7 62. Qg2+ Kh6 63. Qc6+ Qg6 64. Qb5 Qb1+ 65. Kg2 b2 66. Kh2 Qc2 67. Qb6+ Kg5 68. Qe3+ Kf5 69. Qf3+ Ke6 70. Qe3+ Kd5 71. Qf3+ Kc4 72. Qc6+ Kb3 73. Qb5+ Ka3 74. Qa5+ Qa4 75. Qc3+ Ka2 76. Qd2 Qh4+ 77. Kg1 Qg4+ 78. Kh2 Qe4 79. Qa5+ Kb3 80. Qb5+ Kc2 81. Qc5+ Kd1 82. Qd6+ Ke1 83. Qg3 b1Q 84. f3+ 0-1

[Event "Tianjin Prestigious Univ-ch"]
[Site "Tianjin"]
[Date "2019.11.27"]
[Round "5"]
[White "Mihov, Filip"]
[Black "Lu, Andrew H"]
[Result "1/2-1/2"]
[WhiteElo "2191"]
[BlackElo "2071"]
[PlyCount "84"]
[EventDate "2019.11.26"]
[EventType "team-tourn"]
[EventRounds "11"]
[EventCountry "CHN"]
[SourceTitle "CBM 193 Extra"]
[Source "ChessBase"]
[SourceDate "2020.01.31"]
[SourceVersion "1"]
[SourceVersionDate "2020.01.31"]
[SourceQuality "1"]

1. d4 Nf6 2. c4 e6 3. Nc3 Bb4 4. e3 0-0 5. Bd3 c5 6. a3 Bxc3+ 7. bxc3 Nc6 8. Ne2 b6 9. e4 Ne8 10. 0-0 Ba6 11. Be3 d6 12. Ng3 Na5 13. Qe2 Qd7 14. a4 Rc8 15. d5 e5 16. f4 f6 17. Rf3 Rf7 18. Nf5 Kf8 19. Rh3 g6 20. Nh6 Rg7 21. fxe5 dxe5 22. Rf1 Ke7 23. Rhf3 Kd8 24. Bg5 fxg5 25. Rf7 Rxf7 26. Rxf7 Qxa4 27. Qg4 Rc7 28. Qxg5+ Kc8 29. Rf8 Bxc4 30. Bxc4 Nxc4 31. h3 Kb7 32. Qd8 Ncd6 33. Qh4 Qa1+ 34. Kh2 Qxc3 35. Ng4 a5 36. Nf6 Nxf6 37. Qxf6 Nxe4 38. Qd8 Qg3+ 39. Kg1 Qe1+ 40. Kh2 Qg3+ 41. Kg1 Qe1+ 42. Kh2 Qg3+ 1/2-1/2

[Event "Tianjin Prestigious Univ-ch"]
[Site "Tianjin"]
[Date "2019.11.26"]
[Round "1"]
[White "Zhong, Wei"]
[Black "Lu, Andrew H"]
[Result "0-1"]
[WhiteElo "1804"]
[BlackElo "2071"]
[PlyCount "90"]
[EventDate "2019.11.26"]
[EventType "team-tourn"]
[EventRounds "11"]
[EventCountry "CHN"]
[SourceTitle "CBM 193 Extra"]
[Source "ChessBase"]
[SourceDate "2020.01.31"]
[SourceVersion "1"]
[SourceVersionDate "2020.01.31"]
[SourceQuality "1"]

1. e4 c5 2. Ne2 d6 3. Nbc3 Nf6 4. g3 g6 5. Bg2 Bg7 6. d3 Nc6 7. 0-0 0-0 8. h3 Rb8 9. f4 Nd7 10. Nd5 e6 11. Ne3 b5 12. c3 Ba6 13. Kh2 Qc7 14. Rf2 b4 15. c4 f5 16. Qa4 Bb7 17. Rb1 Nd4 18. Qd1 Nb6 19. Rf1 a5 20. b3 Rbe8 21. Nc2 Nxe2 22. Qxe2 e5 23. fxe5 Bxe5 24. Bf4 d5 25. Rbe1 Bxf4 26. Rxf4 fxe4 27. Rxf8+ Rxf8 28. dxe4 dxe4 29. Bxe4 Bxe4 30. Qxe4 Rf2+ 31. Kh1 Qxg3 32. Qe6+ Kg7 33. Qe7+ Kh6 34. Qe3+ Qxe3 35. Nxe3 Rxa2 36. Ng4+ Kg5 37. Re5+ Kf4 38. Re6 Nd7 39. Nf6 Kf5 40. Nxd7 Kxe6 41. Nxc5+ Ke5 42. Na4 Ra3 43. Nc5 Kf4 44. Ne6+ Kg3 45. Nd4 Ra1# 0-1

[Event "Titled Tuesday intern op 1st Dec"]
[Site "Chess.com INT"]
[Date "2015.12.01"]
[Round "4"]
[White "Arnaudov, Petar G"]
[Black "Lu, Andrew H"]
[Result "1-0"]
[WhiteElo "2464"]
[BlackElo "2071"]
[PlyCount "89"]
[EventDate "2015.12.01"]
[EventType "swiss (blitz)"]
[EventRounds "9"]
[EventCountry "USA"]
[SourceTitle "EXT 2021"]
[Source "ChessBase"]
[SourceDate "2020.10.23"]
[SourceVersion "1"]
[SourceVersionDate "2020.10.23"]
[SourceQuality "1"]

1. d4 Nf6 2. c4 e6 3. Nc3 d5 4. cxd5 exd5 5. Bg5 Be7 6. e3 0-0 7. Bd3 Be6 8. Nge2 Nbd7 9. 0-0 h6 10. Bh4 c5 11. Rc1 Rc8 12. dxc5 Nxc5 13. Bb1 Re8 14. Nd4 Qd7 15. Nxe6 fxe6 16. Qc2 Nce4 17. f3 Nxc3 18. Bxf6 Ne4 19. Bc3 Nxc3 20. Qh7+ Kf8 21. Rxc3 Rxc3 22. Bg6 Bc5 23. Qh8+ Ke7 24. Qxg7+ Kd6 25. Qxd7+ Kxd7 26. Bxe8+ Kxe8 27. bxc3 Bxe3+ 28. Kh1 Bd2 29. Rb1 b6 30. Rb3 Kd7 31. Kg1 Kc6 32. Kf1 a5 33. Ke2 Bf4 34. g3 Be5 35. f4 Bf6 36. Kd3 Kc5 37. Rb1 b5 38. Re1 e5 39. fxe5 Be7 40. e6 a4 41. Re5 Kd6 42. Rh5 Bg5 43. h4 Bc1 44. e7 Kxe7 45. Rxd5 1-0

[Event "Titled Tuesday intern op1 1st Dec"]
[Site "Chess.com INT"]
[Date "2015.12.01"]
[Round "7"]
[White "Demchenko, Anton"]
[Black "Lu, Andrew H"]
[Result "1-0"]
[WhiteElo "2596"]
[BlackElo "2071"]
[PlyCount "57"]
[EventDate "2015.12.01"]
[EventType "swiss (blitz)"]
[EventRounds "9"]
[EventCountry "USA"]
[SourceTitle "EXT 2021"]
[Source "ChessBase"]
[SourceDate "2020.10.23"]
[SourceVersion "1"]
[SourceVersionDate "2020.10.23"]
[SourceQuality "1"]

1. e4 c5 2. Nf3 d6 3. d4 cxd4 4. Nxd4 Nf6 5. Nc3 g6 6. Be3 Bg7 7. f3 0-0 8. Qd2 Nc6 9. Bc4 Bd7 10. 0-0-0 Rc8 11. Be2 Ne5 12. g4 Nc4 13. Bxc4 Rxc4 14. h4 a6 15. h5 b5 16. hxg6 fxg6 17. Bh6 b4 18. Nd5 Rf7 19. Bxg7 Rxg7 20. Nxf6+ exf6 21. Ne2 Qc7 22. Kb1 Bb5 23. Nf4 Rf7 24. b3 Rc5 25. Ne6 Qe7 26. Nxc5 dxc5 27. Qd8+ Kg7 28. Rxh7+ Kxh7 29. Rh1+ 1-0

[Event "Titled Tuesday intern op 1st Dec"]
[Site "Chess.com INT"]
[Date "2015.12.01"]
[Round "3"]
[White "Lu, Andrew H"]
[Black "Abdusattorov, Nodirbek"]
[Result "0-1"]
[WhiteElo "2071"]
[BlackElo "2429"]
[PlyCount "54"]
[EventDate "2015.12.01"]
[EventType "swiss (blitz)"]
[EventRounds "9"]
[EventCountry "USA"]
[SourceTitle "EXT 2021"]
[Source "ChessBase"]
[SourceDate "2020.10.23"]
[SourceVersion "1"]
[SourceVersionDate "2020.10.23"]
[SourceQuality "1"]

1. e4 c5 2. Nf3 d6 3. d4 cxd4 4. Nxd4 Nf6 5. Nc3 a6 6. Be3 e5 7. Nb3 Be6 8. f3 h5 9. Qd2 Nbd7 10. 0-0-0 Rc8 11. Bd3 b5 12. h3 h4 13. f4 Be7 14. Rhf1 Qc7 15. Kb1 Nb6 16. Bxb6 Qxb6 17. f5 Bc4 18. Bxc4 Rxc4 19. Nd5 Nxd5 20. Qxd5 0-0 21. Rd3 Rfc8 22. Rc1 a5 23. Nd2 R4c5 24. Qb3 a4 25. Qb4 d5 26. exd5 Rxc2 27. Rxc2 Qg1+ 0-1

[Event "Titled Tuesday intern op1 1st Dec"]
[Site "Chess.com INT"]
[Date "2015.12.01"]
[Round "6"]
[White "Lu, Andrew H"]
[Black "Le, Tuan Minh"]
[Result "0-1"]
[WhiteElo "2071"]
[BlackElo "2444"]
[PlyCount "46"]
[EventDate "2015.12.01"]
[EventType "swiss (blitz)"]
[EventRounds "9"]
[EventCountry "USA"]
[SourceTitle "EXT 2021"]
[Source "ChessBase"]
[SourceDate "2020.10.23"]
[SourceVersion "1"]
[SourceVersionDate "2020.10.23"]
[SourceQuality "1"]

1. e4 c5 2. Nf3 d6 3. d4 cxd4 4. Nxd4 Nf6 5. Nc3 g6 6. Be3 Bg7 7. f3 0-0 8. Qd2 Nc6 9. 0-0-0 d5 10. exd5 Nxd5 11. Nxc6 bxc6 12. Nxd5 cxd5 13. Qxd5 Qc7 14. Qc5 Qb7 15. Qa3 Be6 16. b3 Rfc8 17. Ba6 Qc6 18. Bxc8 Rxc8 19. c4 Bxc4 20. Qc5 Qe6 21. Rd8+ Rxd8 22. bxc4 Rc8 23. Qb5 Qxe3+ 0-1